000 00374nam a2200145Ia 4500
008 191201s2012 xx 000 0 und d
082 _a620.1
_bGRA
100 _aGROOVER,Mikell P
245 0 _aAutomation, production. Systems, and Computer integrated ...
250 _aRep
260 _aN. delhi
_bPHI
_c2012
300 _a815
650 _aM.Tech (ME)
942 _2ddc
_cBK
_05
999 _c5231
_d5231